| 000 | 00516nam a2200121Ia 4500 | ||
|---|---|---|---|
| 008 | 171212s9999 xx 000 0 und d | ||
| 020 | _a9781921666940 | ||
| 245 |
_ceditor Tapp, Nicholas;Lee, Gary Yia _aThe Hmong of Australia _bCulture and Diaspora |
||
| 260 |
_bANU E Press _c2010 |
||
| 650 | _aAnthropology | ||
| 650 | _aHmong Australians -- Cultural assimilation; Hmong Australians -- Social life and customs; Hmong (Asian people) -- Social aspects -- Australia | ||
| 856 | _uwww.jstor.org/stable/10.2307/j.ctt24h7r3 | ||
| 999 |
_c351364 _d351364 |
||